| 000 | 00454nam a2200169Ia 4500 | ||
|---|---|---|---|
| 008 | 230718s9999 xx 000 0 und d | ||
| 041 | _aeng | ||
| 082 |
_a621.319'2 _bSUD |
||
| 100 | _aSudhakar A. | ||
| 245 |
_aCircuits And Networks _bAnalysis and Synthesis |
||
| 250 | _a2nd ed. | ||
| 260 |
_c1994 _bTata McGraw-Hill |
||
| 300 | _a754 | ||
| 365 |
_cRs. _b115.00 |
||
| 700 |
_aSudhakar A. & Shyammohan S.P. _9185262 |
||
| 906 |
_dB:11-Mar-1994 _cETC |
||
| 999 |
_c292164 _d292164 |
||